Statistics for C'est Comme Ca Lyrics

Click here to take the quiz!

General Stats

  • This quiz has been taken 3 times
  • The average score is 111 of 352

Answer Stats

HintAnswer% Correct
ca
100%
ChorusC'est
100%
c'est
100%
comme
100%
come
50%
I
50%
me
50%
a
0%
admit
0%
afford
0%
aged
0%
and
0%
appointment
0%
atrophy
0%
better
0%
boring
0%
but
0%
caffeine
0%
can
0%
certain
0%
chaos
0%
chiropractic
0%
cost
0%
degree
0%
dependence
0%
disorder
0%
doctor's
0%
enough
0%
for
0%
friction
0%
gettin'
0%
gonna
0%
hate
0%
hell
0%
help
0%
high
0%
hinders
0%
hormones
0%
hundred
0%
Verse 2I'm
0%
Verse 1In
0%
is
0%
it
0%
it's
0%
I've
0%
just
0%
know
0%
level
0%
life
0%
listen
0%
long
0%
lucky
0%
maybe
0%
my
0%
na
0%
need
0%
of
0%
off
0%
on
0%
one
0%
or
0%
orders
0%
out
0%
progression
0%
rarely
0%
really
0%
regression
0%
revenge
0%
rewarded
0%
run
0%
said
0%
single
0%
sit
0%
social
0%
spite
0%
still
0%
sweet
0%
that
0%
the
0%
to
0%
was
0%
who
0%
year
0%
you
0%
yourself
0%

Score Distribution

Percentile by Number Answered

Percent of People with Each Score

Your Score History

You have not taken this quiz